000 00926nam a22002657a 4500
003 DO-SdBPM
005 20241122125606.0
008 151209b2007 pn a00| 0 spa d
020 _a9789962629474
040 _aDO-SdBPM
_bspa
_cBPMSU
041 _aspa
_heng
082 4 _aP863
_bA472gu 2007
_222
100 1 _aAlvarado, Patricia V.
245 1 0 _aGuillermo gusano salva el canal
_baventuras de un ingeniero de túneles = william worm saves the canal : adventures of a tunnel engineer /
_cPatricia V. Alvarado
260 _aPanamá :
_bPiggy press,
_c2007
300 _a32 p. :
_bil. ;
_c14 cm.
590 _aInventariado, 2024/VM
650 4 _aCuentos infantiles panameños
650 4 _aLiteratura infantil panameña
650 4 _aLibros ilustrados para niños
910 _aVMateo V. Control de calidad. BPMSU
942 _2ddc
_cBK
945 _aInventariado, 2018 / BT
956 _aBTAVAREZ
_b10
_d20151209
_fBPMSU
_h0038
999 _c14873
_d14873